00681 2200289 4500001002100000008004100021035002000062245005600082100002900138250000600167260002800173300001200201020002200213084001400235082000800249650001400257990001200271990001200283990001200295990001200307990001200319990001200331990001200343990001200355990001200367990001200379INLIS000000000001159 ind  a0010-0524000394 aKeteladanan Bung HattacM. Sayuti Dt. Rajo Penghulu aRajo Penghulu, M. Sayuti a1 aJakarta :bKompasc2020 a245 hlm a978-623-241-176-0 a900 SAY k a900 aNon Fiksi a0744789 a0744790 a0744791 a0744792 a0744793 a0744794 a0744795 a0744796 a0744797 a0744798